ห้องสมุด วิทยาลัยพยาบาลบรมราชชนนี อุดรธานี
Boromarajonani College of Nursing, Udonthani
เปลี่ยนเป็นภาษาไทย

Change to English
 แสดงรายละเอียดบรรณานุกรม
  กลับหน้าหลัก

Brief Record : Get Marc (ISO 2709) : E-mail record : QR code ปิดหน้าต่าง
หนังสืออ้างอิง : เกี่ยวกับ Collections
mysqli: Table './ulib2015/stat_globaluid' is marked as crashed and last (automatic?) repair failed
select id from stat_globaluid where statuid='20260419110417_3610' 
mysqli: Table './ulib2015/stat_globaluid' is marked as crashed and last (automatic?) repair failed
DELETE FROM stat_globaluid
			WHERE id NOT IN (
			  SELECT id
			  FROM (
				SELECT id
				FROM stat_globaluid
				ORDER BY id DESC
				LIMIT 100
			  ) foo
			); 
mysqli: Table './ulib2015/stat_globaluid' is marked as crashed and last (automatic?) repair failed
insert into stat_globaluid set
		statuid='20260419110417_3610',
		dt='1776571457',
		phpself='/ULIB/dublinfull.php',
		agent='Mozilla/5.0 AppleWebKit/537.36 (KHTML, like Gecko; compatible; ClaudeBot/1.0; +claudebot@anthropic.com)',
		yea='2026',
		mon='4',
		dat='19',
		ip='216.73.216.142'
		
		
LEADER 00566nam 2200193 a 4500
001    9351
003     ULIBM
008    250211s2519 th m a000 0 tha d
050  4 ^a JF ^bส744ก 2519.
245 ^a ^a1111
250    ^a พิมพ์ครั้งที่ 1.
300    ^a 176 หน้า
650  7 ^a การเมือง:^bการปกครอง.
710 2  ^a สุขุม นวลสกุล.
945    ^p0^l0^i2449
945    ^p0^l0^i7217
999    ^aลิขิตลักษณ์
รายการนี้ยังไม่มีแท็ก
คุณยังไม่ได้ล็อกอิน คุณสามารถมีกิจกรรมร่วมกับเว็บไซต์ได้ แต่ต้องล็อกอินก่อน ::
  ล็อกอิน
ลำดับที่ ประเภท เลขเรียก/บาร์โค้ด สถานที่ สถานะ
1. หนังสือภาษาไทย
หนังสือภาษาไทย
JF ส744ก 2519.  
  Barcode: 2449
หนังสือทั่วไป On Shelf
2. หนังสือภาษาไทย
หนังสือภาษาไทย
JF ส744ก 2519. ฉ.2 
  Barcode: 7217
หนังสือทั่วไป On Shelf
   [แสดง 2/2 รายการ]

mysqli: Can't create/write to file '/var/tmp/#sql_59d_0.MAI' (Errcode: 2)
select * from index_db where titl like '%การเมืองและการปกครองของไทย / สุขุม  นวลสกุล.%' and mid<>'9351'  order by rand() limit 3
mysqli: Can't create/write to file '/var/tmp/#sql_59d_0.MAI' (Errcode: 2)
select * from index_db where subj like '%การเมือง: การปกครอง.%' and mid<>'9351'  order by rand() limit 3

BibComment


ยังไม่เคยถูกคอมเมนท์

คอมเมนท์ทรัพยากรรายการนี้
  คอมเมนท์: การเมืองและการป..
Bib 9351

 
 
 

 Union Library Management : ULibM
Copyright 2026. All Rights Reserved.